000 00393nam a2200133 a 4500
001 000046421
005 20201002052846.0
008 150811s2004 dr a 000 0 spa d
040 _aDO-SdBNP
_bspa
_cBNPHU
082 _axxxxxxxx
_bxxxxxxxx
245 0 0 _aRecomendaciones sobre docencia en el trabajo con grupos.
260 _aSanto Domingo :
_bPROFAMILIA,
_c199?
300 _a8 p. :
_bil. ;
_c21 cm.
999 _c45910
_d45910